UBT Library

GAME DESING FOUNDATIONS (Record no. 59425)

000 -LEADER
fixed length control field 00334nam a22001457a 4500
008 - FIXED-LENGTH DATA ELEMENTS--GENERAL INFORMATION
fixed length control field 230322b ||||| |||| 00| 0 eng d
020 ## - INTERNATIONAL STANDARD BOOK NUMBER
International Standard Book Number 9781598220346
041 ## - LANGUAGE CODE
Language code of text/sound track or separate title eng
080 ## - UNIVERSAL DECIMAL CLASSIFICATION NUMBER
Edition identifier 2ND EDITION
Universal Decimal Classification number 004
082 ## - DEWEY DECIMAL CLASSIFICATION NUMBER
Classification number 004PED
100 ## - Rafti
Rafti 18
101 ## - Shkurtesa
Shkurtesa SHKP
245 ## - TITLE STATEMENT
Title GAME DESING FOUNDATIONS
Statement of responsibility, etc PEDERSEN .E.R
942 ## - ADDED ENTRY ELEMENTS (KOHA)
Source of classification or shelving scheme
Item type Books
Holdings
Withdrawn status Lost status Source of classification or shelving scheme Damaged status Not for loan Collection code Permanent location Current location Date acquired Total Checkouts Full call number Barcode Date last seen Price effective from Koha item type
          Koleksioni i përgjithshem UBT - Lipjan UBT - Lipjan 03/22/2023   004PED 002-8002055 03/22/2023 03/22/2023 Books
UBT Library © 2015-2024. All rights reserved University Education for Business and Technology